[Event "South America-ch U20 13th"]
[Site "Manta"]
[Date "2017.04.29"]
[Round "8"]
[White "Haro, Harold"]
[Black "Requelme Romero, Jose"]
[Result "0-1"]
[WhiteElo "1677"]
[BlackElo "1984"]
[PlyCount "62"]
[EventDate "2017.04.25"]
[EventType "swiss"]
[EventRounds "9"]
[EventCountry "ECU"]
[SourceTitle "CBM 178 Extra"]
[Source "ChessBase"]
[SourceDate "2017.06.22"]
[SourceVersion "1"]
[SourceVersionDate "2017.06.22"]
[SourceQuality "1"]

1. d4 Nf6 2. Nf3 d5 3. g3 c6 4. Bg2 Bf5 5. 0-0 Nbd7 6. Nbd2 e6 7. c4 Bd6 8. b3 0-0 9. Bb2 Re8 10. Nh4 Bg4 11. h3 Bh5 12. Re1 e5 13. dxe5 Nxe5 14. Nhf3 Ned7 15. cxd5 cxd5 16. Rc1 Qa5 17. a3 Qb6 18. Nd4 Nc5 19. N2f3 Rac8 20. b4 Bf8 21. Nb3 Nxb3 22. Qxb3 Ne4 23. Bd4 Qa6 24. Rc2 Bg6 25. Ne5 Bf5 26. g4 Be6 27. f3 Nd6 28. e3 Nb5 29. Bf1 Qxa3 30. Qxa3 Nxa3 31. Ra2 Bxb4 0-1

[Event "South America-ch U18 13th"]
[Site "Santiago de Chile"]
[Date "2016.12.03"]
[Round "4"]
[White "Noboa Silva, Kevin Omar"]
[Black "Requelme Romero, Jose"]
[Result "1-0"]
[WhiteElo "2195"]
[BlackElo "1830"]
[PlyCount "49"]
[EventDate "2016.12.01"]
[EventType "swiss"]
[EventRounds "9"]
[EventCountry "CHI"]
[SourceTitle "EXT 2018"]
[Source "ChessBase"]
[SourceDate "2017.10.13"]
[SourceVersion "1"]
[SourceVersionDate "2017.10.13"]
[SourceQuality "1"]

1. e4 d5 2. exd5 Qxd5 3. Nf3 Nf6 4. d4 Bg4 5. Be2 e6 6. h3 Bf5 7. 0-0 Qd8 8. c4 c6 9. Nc3 Be7 10. Be3 0-0 11. Rc1 Na6 12. Ne5 c5 13. Bf3 cxd4 14. Bxd4 Bc5 15. Bxc5 Nxc5 16. Qe2 Qb6 17. Rfd1 h6 18. Rd2 Rad8 19. Rcd1 Rxd2 20. Qxd2 Rc8 21. b3 Kf8 22. g4 Bh7 23. b4 Qxb4 24. Qd6+ Kg8 25. Qd8+ 1-0